Cationic surfactants. V 4 (Record no. 25134)

MARC details
000 -LEADER
fixed length control field 00278nam a2200109Ia 4500
082 ## - DEWEY DECIMAL CLASSIFICATION NUMBER
Classification number 54-128.4
Item number JUN
245 #0 - TITLE STATEMENT
Title Cationic surfactants. V 4
260 ## - PUBLICATION, DISTRIBUTION, ETC. (IMPRINT)
Place of publication New York
Name of publisher Marcel Dekker
Year of publication 1970
700 ## - ADDED ENTRY--PERSONAL NAME
Personal name Jungermann, Eric
942 ## - ADDED ENTRY ELEMENTS (KOHA)
Koha item type Books
Holdings
Withdrawn status Lost status Damaged status Not for loan Home library Current library Date acquired Cost, normal purchase price Full call number Accession Number Koha item type
        RRII Library RRII Library 16/12/2021 57.25 54-128.4 JUN 05796 Books